Makói Népujság. - 1.évf. (1945) 116.sz.
Elmentve itt :
| Dokumentumtípus: | Újság |
|---|---|
| Megjelent: |
1945
|
| Sorozat: | Makói Népujság : demokratikus politikai napilap
1 No. 116 |
| Online Access: | http://misc.bibl.u-szeged.hu/58571 |
| LEADER | 00500nas a2200133 i 4500 | ||
|---|---|---|---|
| 001 | misc58571 | ||
| 005 | 20210706152400.0 | ||
| 008 | 210706s1945 hu n o 0|| zxx d | ||
| 040 | |a SZTE Miscellanea Repozitórium |b hun | ||
| 041 | |a zxx | ||
| 245 | 0 | 0 | |a Makói Népujság. - 1.évf. (1945) 116.sz. |h [elektronikus dokumentum] |
| 260 | |c 1945 | ||
| 490 | 0 | |a Makói Népujság : demokratikus politikai napilap |v 1 No. 116 | |
| 856 | 4 | 0 | |u http://misc.bibl.u-szeged.hu/58571/1/makoi_nepujsag_1945_06_16_01_116.pdf |z Dokumentum-elérés |